La obra de Balaguer : por sus frutos lo conoceréis (Registro nro. 222978)

000 -LEADER
fixed length control field 00782cam a2200265 a 4500
001 - CONTROL NUMBER
control field 222978
003 - CONTROL NUMBER IDENTIFIER
control field OSt
005 - DATE AND TIME OF LATEST TRANSACTION
control field 20180921
008 - FIXED-LENGTH DATA ELEMENTS--GENERAL INFORMATION
fixed length control field 0000001994 ADN 0000000000spa00
040 ## - CATALOGING SOURCE
Original cataloging agency DLC
Transcribing agency DLC
100 ## - ASIENTO PRINCIPAL -- NOMBRE PERSONAL
Personal name Guzmán Alvarez, José Antonio
245 ## - TÍTULO PROPIAMENTE DICHO: SUBTÍTULO
Title La obra de Balaguer : por sus frutos lo conoceréis
Statement of responsibility, etc. José Antonio Guzmán Alvarez
250 ## - MENCIÓN DE EDICIÓN
Edition statement 2
260 ## - PUBLICATION, DISTRIBUTION, ETC.
Place of publication, distribution, etc. Santo Domingo :
Name of publisher, distributor, etc. Impresora Grafíl
300 ## - PHYSICAL DESCRIPTION
Extensión 164 p.
504 ## - BIBLIOGRAPHY, ETC. NOTE
Bibliography, etc. note Incluye índice
650 ## - ASIENTO SECUNDARIO DE MATERIA -- TERMINO TEMÁTICO
Termino Temático Como Elemento de Entrada Balaguer Joaquín 1906-2002
-- Elecciones
-- Partido Revolucionario Social Cristiano PRSC
-- República Dominicana
942 ## - ADDED ENTRY ELEMENTS (KOHA)
Source of classification or shelving scheme
Koha item type Libros
Existencias
Withdrawn status Lost status Source of classification or shelving scheme Damaged status Not for loan Permanent Location Current Location Date acquired Full call number Koha item type
          Biblioteca Central. Universidad Central del Este Biblioteca Central. Universidad Central del Este 2018-08-17 RD 972.930 54 G993o 1994 Libros